Fragile States (2014) Quiz Stats

Quiz not verified by Sporcle

Challenge
Share
Tweet
Embed
Score 0/149 Timer 08:00
0 Plays Today
Category Country % Correct
Group GrievanceIraq
94.7%
Security ApparatusIraq
94.7%
Factionalized ElitesIraq
94.7%
Overall ScoreSomalia
92.3%
Demographic PressuresSomalia
92.3%
Refugees and IDPsSomalia
92.3%
Group GrievanceSomalia
92.3%
Human Flight and 'Brain Drain'Somalia
92.3%
Uneven Economic DevelopmentSomalia
92.3%
Poverty and Economic DeclineSomalia
92.3%
Public ServicesSomalia
92.3%
Human Rights and Rule of LawSomalia
92.3%
Factionalized ElitesSomalia
92.3%
Factionalized ElitesSomalia
92.3%
External InterventionSomalia
92.3%
Overall ScoreSudan
91.8%
Refugees and IDPsSudan
91.8%
Group GrievanceSudan
91.8%
Human Flight and 'Brain Drain'Sudan
91.8%
State LegitimacySudan
91.8%
Human Rights and Rule of LawSudan
91.8%
Security ApparatusSudan
91.8%
Factionalized ElitesSudan
91.8%
External InterventionSudan
91.8%
Overall ScoreAfghanistan
91.3%
Demographic PressuresNiger
91.3%
Refugees and IDPsAfghanistan
91.3%
Poverty and Economic DeclineAfghanistan
91.3%
State LegitimacyAfghanistan
91.3%
Public ServicesNiger
91.3%
Security ApparatusAfghanistan
91.3%
External InterventionAfghanistan
91.3%
Overall ScoreSouth Sudan
90.4%
Demographic PressuresSouth Sudan
90.4%
Refugees and IDPsSouth Sudan
90.4%
Group GrievanceSouth Sudan
90.4%
Uneven Economic DevelopmentSouth Sudan
90.4%
Poverty and Economic DeclineSouth Sudan
90.4%
State LegitimacySouth Sudan
90.4%
Public ServicesSouth Sudan
90.4%
Human Rights and Rule of LawSouth Sudan
90.4%
Security ApparatusSouth Sudan
90.4%
Factionalized ElitesSouth Sudan
90.4%
External InterventionSouth Sudan
90.4%
Refugees and IDPsSyria
89.9%
Group GrievanceSyria
89.9%
State LegitimacySyria
89.9%
Human Rights and Rule of LawSyria
89.9%
Security ApparatusSyria
89.9%
Factionalized ElitesSyria
89.9%
Category Country % Correct
Overall ScoreDemocratic Republic of the Congo
89.4%
Demographic PressuresDemocratic Republic of the Congo
89.4%
Refugees and IDPsDemocratic Republic of the Congo
89.4%
Group GrievanceDemocratic Republic of the Congo
89.4%
Poverty and Economic DeclineNorth Korea
89.4%
State LegitimacyNorth Korea
89.4%
State LegitimacyDemocratic Republic of the Congo
89.4%
Public ServicesDemocratic Republic of the Congo
89.4%
Public ServicesNorth Korea
89.4%
Human Rights and Rule of LawDemocratic Republic of the Congo
89.4%
Human Rights and Rule of LawNorth Korea
89.4%
Security ApparatusDemocratic Republic of the Congo
89.4%
External InterventionDemocratic Republic of the Congo
89.4%
Human Rights and Rule of LawIran
88.5%
Group GrievanceNigeria
88%
Uneven Economic DevelopmentNigeria
88%
Security ApparatusNigeria
88%
Overall ScoreChad
86.1%
Demographic PressuresChad
86.1%
Refugees and IDPsChad
86.1%
Human Flight and 'Brain Drain'Chad
86.1%
Uneven Economic DevelopmentChad
86.1%
State LegitimacyChad
86.1%
Public ServicesChad
86.1%
Human Rights and Rule of LawChad
86.1%
Factionalized ElitesChad
86.1%
Overall ScorePakistan
83.7%
Group GrievancePakistan
83.7%
Security ApparatusPakistan
83.7%
External InterventionPakistan
83.7%
Demographic PressuresEthiopia
83.2%
Overall ScoreCentral African Republic
82.2%
Refugees and IDPsCentral African Republic
82.2%
Group GrievanceCentral African Republic
82.2%
Human Flight and 'Brain Drain'Zimbabwe
82.2%
Uneven Economic DevelopmentCentral African Republic
82.2%
Poverty and Economic DeclineZimbabwe
82.2%
State LegitimacyCentral African Republic
82.2%
State LegitimacyZimbabwe
82.2%
Public ServicesCentral African Republic
82.2%
Human Rights and Rule of LawCentral African Republic
82.2%
Security ApparatusCentral African Republic
82.2%
Factionalized ElitesZimbabwe
82.2%
Factionalized ElitesCentral African Republic
82.2%
External InterventionCentral African Republic
82.2%
Demographic PressuresMali
81.3%
Overall ScoreYemen
79.3%
Demographic PressuresYemen
79.3%
Group GrievanceYemen
79.3%
Poverty and Economic DeclineYemen
79.3%
Category Country % Correct
Security ApparatusYemen
79.3%
Poverty and Economic DeclineGuinea
78.8%
State LegitimacyGuinea
78.8%
Public ServicesGuinea
78.8%
Factionalized ElitesGuinea
78.8%
Group GrievanceKenya
77.4%
Demographic PressuresAngola
75.5%
Uneven Economic DevelopmentAngola
75.5%
Overall ScoreHaiti
74.5%
Human Flight and 'Brain Drain'Haiti
74.5%
Uneven Economic DevelopmentHaiti
74.5%
Poverty and Economic DeclineHaiti
74.5%
Public ServicesHaiti
74.5%
Human Rights and Rule of LawEgypt
74.5%
External InterventionHaiti
74.5%
Demographic PressuresZambia
73.1%
Refugees and IDPsLiberia
72.6%
Human Flight and 'Brain Drain'Sierra Leone
72.6%
Poverty and Economic DeclineSierra Leone
72.6%
Public ServicesLiberia
72.6%
External InterventionLiberia
72.6%
Human Flight and 'Brain Drain'Guinea Bissau
71.2%
Poverty and Economic DeclineGuinea Bissau
71.2%
State LegitimacyGuinea Bissau
71.2%
Factionalized ElitesGuinea Bissau
71.2%
Group GrievanceIsrael
70.2%
Poverty and Economic DeclineBurundi
69.7%
Group GrievanceMyanmar
67.3%
State LegitimacyMyanmar
67.3%
Demographic PressuresBurkina Faso
66.3%
Human Flight and 'Brain Drain'Malawi
65.4%
Uneven Economic DevelopmentEquatorial Guinea
65.4%
Poverty and Economic DeclineMalawi
65.4%
State LegitimacyEquatorial Guinea
65.4%
Human Rights and Rule of LawEquatorial Guinea
65.4%
State LegitimacyTurkmenistan
61.5%
State LegitimacyUzbekistan
61.1%
Human Rights and Rule of LawUzbekistan
61.1%
Poverty and Economic DeclineSwaziland
60.6%
Group GrievanceSri Lanka
59.1%
Poverty and Economic DeclineComoros
47.1%
Refugees and IDPsCote d'Ivoire
44.7%
External InterventionCote d'Ivoire
44.7%
Uneven Economic DevelopmentPapua New Guinea
40.9%
Human Flight and 'Brain Drain'Guyana
32.2%
Human Flight and 'Brain Drain'Cape Verde
24.5%
Human Flight and 'Brain Drain'Samoa
23.6%
Uneven Economic DevelopmentParaguay
23.6%
Human Flight and 'Brain Drain'Micronesia
21.2%

You're not logged in!

Compare scores with friends on all Sporcle quizzes.
Sign Up with Email
OR
Log In

You Might Also Like...

Show Comments

Extras

Top Quizzes Today


Score Distribution

Your Account Isn't Verified!

In order to create a playlist on Sporcle, you need to verify the email address you used during registration. Go to your Sporcle Settings to finish the process.